[Event "Paleochora op 6th"]
[Site "Paleochora"]
[Date "2013.07.23"]
[Round "6"]
[White "Parisis, Apostolos"]
[Black "Papadatos, Ioannis"]
[Result "0-1"]
[WhiteElo "1839"]
[BlackElo "2128"]
[PlyCount "132"]
[EventDate "2013.07.19"]
[EventType "swiss"]
[EventRounds "9"]
[EventCountry "GRE"]
[SourceTitle "CBM 155 Extra"]
[Source "ChessBase"]
[SourceDate "2013.08.26"]
[SourceVersion "1"]
[SourceVersionDate "2013.08.26"]
[SourceQuality "1"]

1. e4 e5 2. Nf3 Nc6 3. Bb5 a6 4. Ba4 Nf6 5. 0-0 Be7 6. Qe2 b5 7. Bb3 0-0 8. c3 d6 9. h3 Na5 10. Bc2 c5 11. d4 Qc7 12. dxe5 dxe5 13. Rd1 Be6 14. Nbd2 h6 15. Nf1 Rfd8 16. Be3 Rxd1 17. Qxd1 Rd8 18. Qe1 Nc4 19. b3 Na3 20. Qc1 b4 21. c4 a5 22. N3d2 Nh5 23. Bd1 Nf4 24. Bxf4 exf4 25. Nf3 Bf6 26. e5 Bxe5 27. Nxe5 Qxe5 28. Bg4 Bxg4 29. hxg4 Nc2 30. Rb1 Nd4 31. Qe1 Re8 32. Qxe5 Rxe5 33. Nh2 Ne2+ 34. Kf1 Nc3 35. Rb2 a4 36. bxa4 Nxa4 37. Rc2 Re4 38. Nf3 Nc3 39. Nd2 Rd4 40. Nf3 Rxc4 41. Nd2 Rd4 42. f3 Na4 43. Nb3 Rd5 44. Ke1 Kf8 45. Rd2 Rxd2 46. Kxd2 Ke7 47. Kd3 Kd6 48. Kc4 Nb6+ 49. Kb5 Nd7 50. Nd2 g6 51. Ne4+ Kd5 52. Nf2 Nf8 53. Ne4 Ne6 54. Nf6+ Kd4 55. Ne4 f5 56. gxf5 gxf5 57. Nd6 Kd5 58. Nf7 Nd4+ 59. Ka4 h5 60. Ng5 Kc4 61. Nh3 Nb5 62. Nf2 Nc3+ 63. Ka5 Nxa2 64. Nd1 Kb3 65. Nf2 c4 66. Nh3 c3 0-1

[Event "Peiraias op"]
[Site "Peiraias"]
[Date "2007.09.04"]
[Round "4"]
[White "Ilandzis, Spyridon"]
[Black "Papadatos, Ioannis"]
[Result "1/2-1/2"]
[WhiteElo "2174"]
[BlackElo "2205"]
[PlyCount "103"]
[EventDate "2007.09.01"]
[EventType "swiss"]
[EventRounds "7"]
[EventCountry "GRE"]
[SourceTitle "CBM 120 Extra"]
[Source "ChessBase"]
[SourceDate "2007.11.01"]
[SourceVersion "1"]
[SourceVersionDate "2007.11.01"]
[SourceQuality "1"]

1. d4 Nc6 2. Nf3 d5 3. c4 Bg4 4. cxd5 Bxf3 5. gxf3 Qxd5 6. e3 e5 7. Nc3 Bb4 8. Bd2 Bxc3 9. bxc3 exd4 10. cxd4 Nf6 11. Bg2 0-0 12. 0-0 Rad8 13. Qb3 Qxb3 14. axb3 a6 15. Rfc1 Rfe8 16. Be1 g5 17. Bf1 Rd6 18. Rc5 h6 19. Kg2 Nd5 20. Rac1 Nce7 21. Bd3 c6 22. Bd2 Ng6 23. Kg3 Kg7 24. Be4 Nge7 25. h4 f5 26. Bb1 Rf8 27. hxg5 hxg5 28. e4 Nf4 29. Re1 Nh5+ 30. Kg2 Nf4+ 31. Bxf4 gxf4 32. exf5 Nd5 33. Re5 Rf7 34. Rc4 Kf6 35. Be4 Nc7 36. Bc2 Rfd7 37. Re4 Nb5 38. Rxf4 Rxd4 39. Rg4 Rxc4 40. bxc4 Nd4 41. Bb1 Rg7 42. Rg6+ Rxg6+ 43. fxg6 a5 44. f4 a4 45. Kf1 b5 46. cxb5 cxb5 47. Ke1 b4 48. Kd2 b3 49. Kc3 a3 50. f5 a2 51. Bxa2 bxa2 52. Kb2 1/2-1/2

[Event "Athens Acropolis op"]
[Site "Athens"]
[Date "2004.11.18"]
[Round "3"]
[White "Papadatos, Ioannis"]
[Black "Hadzimanolis, Antonios"]
[Result "1-0"]
[WhiteElo "2195"]
[BlackElo "2314"]
[PlyCount "43"]
[EventDate "2004.11.16"]
[EventType "swiss"]
[EventRounds "9"]
[EventCountry "GRE"]
[SourceTitle "CBM 103 Extra"]
[Source "ChessBase"]
[SourceDate "2005.01.01"]
[SourceVersion "1"]
[SourceVersionDate "2005.01.01"]
[SourceQuality "1"]

1. e4 e5 2. Nf3 Nc6 3. Bb5 a6 4. Ba4 Nf6 5. 0-0 b5 6. Bb3 Be7 7. Re1 0-0 8. a4 Bb7 9. Nc3 Na5 10. Ba2 d6 11. d4 b4 12. Nd5 Nxd5 13. exd5 Bf6 14. dxe5 dxe5 15. Nxe5 b3 16. Bxb3 Nxb3 17. cxb3 Bxd5 18. Bf4 Rb8 19. Re3 Rb4 20. Rd3 Bxb3 21. Qd2 Bxe5 22. Rxd8 1-0

[Event "San Benedetto op"]
[Site "San Benedetto del Tronto"]
[Date "1999.??.??"]
[Round "3"]
[White "Luchsinger, Eric"]
[Black "Papadatos, Ioannis"]
[Result "1/2-1/2"]
[WhiteElo "2200"]
[BlackElo "2180"]
[PlyCount "81"]
[EventDate "1999.??.??"]
[EventType "swiss"]
[EventRounds "9"]
[EventCountry "ITA"]
[SourceTitle "EXT 2005"]
[Source "ChessBase"]
[SourceDate "2004.11.15"]
[SourceVersion "1"]
[SourceVersionDate "2004.11.15"]
[SourceQuality "1"]

1. d4 Nf6 2. Bg5 c5 3. Bxf6 gxf6 4. d5 Qb6 5. Qc1 f5 6. c4 Bg7 7. Nc3 d6 8. e3 Nd7 9. Nf3 Nf6 10. Bd3 Bd7 11. Qc2 e6 12. 0-0 0-0 13. e4 Nxe4 14. Nxe4 fxe4 15. Bxe4 f5 16. Bd3 e5 17. Be2 e4 18. Ng5 Qxb2 19. Qxb2 Bxb2 20. Rab1 Bf6 21. Nh3 b6 22. g3 Rae8 23. Bh5 Re7 24. Nf4 Bd4 25. Rfe1 Rb8 26. Rb3 a6 27. Be2 b5 28. Ra3 bxc4 29. Bxc4 Rb2 30. Re2 Rxe2 31. Bxe2 Bb5 32. Rb3 e3 33. f3 c4 34. Rb1 c3 35. Kf1 Bc5 36. Rc1 Bb4 37. Bxb5 axb5 38. Ke2 Rc7 39. Rc2 Ba3 40. Kxe3 Rc4 41. Kd3 1/2-1/2

[Event "San Benedetto op"]
[Site "San Benedetto del Tronto"]
[Date "1999.??.??"]
[Round "7"]
[White "Metrangolo, Antonio"]
[Black "Papadatos, Ioannis"]
[Result "1/2-1/2"]
[WhiteElo "1950"]
[BlackElo "2180"]
[PlyCount "83"]
[EventDate "1999.??.??"]
[EventType "swiss"]
[EventRounds "9"]
[EventCountry "ITA"]
[SourceTitle "EXT 2005"]
[Source "ChessBase"]
[SourceDate "2004.11.15"]
[SourceVersion "1"]
[SourceVersionDate "2004.11.15"]
[SourceQuality "1"]

1. g3 Nf6 2. Bg2 d5 3. Nf3 c6 4. b3 g6 5. Bb2 Bg7 6. 0-0 0-0 7. c4 Bg4 8. Ne5 Be6 9. d4 Nfd7 10. cxd5 cxd5 11. Nd3 Nf6 12. Nc3 Bc8 13. Rc1 a6 14. Nf4 e6 15. Qd2 Bd7 16. e4 dxe4 17. Nxe4 Bc6 18. d5 exd5 19. Nxf6+ Bxf6 20. Bxf6 Qxf6 21. Nxd5 Bxd5 22. Qxd5 Nc6 23. Qd7 Nd4 24. Rc7 Rad8 25. Qe7 Qxe7 26. Rxe7 b5 27. Ra7 Rd6 28. Re1 Ne6 29. h4 Rc8 30. Bh3 Rcc6 31. Bg2 Rc2 32. Bh3 Rxa2 33. Bxe6 Rxe6 34. Rxe6 fxe6 35. Re7 a5 36. Rxe6 b4 37. Re7 Ra3 38. Ra7 Rxb3 39. Rxa5 Rb1+ 40. Kg2 b3 41. Ra7 b2 42. Rb7 1/2-1/2

[Event "San Benedetto op"]
[Site "San Benedetto del Tronto"]
[Date "1999.??.??"]
[Round "8"]
[White "Papadatos, Ioannis"]
[Black "Palmiotto, Fiorentino"]
[Result "1/2-1/2"]
[WhiteElo "2180"]
[BlackElo "2160"]
[PlyCount "83"]
[EventDate "1999.??.??"]
[EventType "swiss"]
[EventRounds "9"]
[EventCountry "ITA"]
[SourceTitle "EXT 2005"]
[Source "ChessBase"]
[SourceDate "2004.11.15"]
[SourceVersion "1"]
[SourceVersionDate "2004.11.15"]
[SourceQuality "1"]

1. d4 d5 2. c4 e6 3. Nc3 Nf6 4. Bg5 Be7 5. Nf3 c6 6. e3 0-0 7. Rc1 Nbd7 8. Bd3 dxc4 9. Bxc4 b5 10. Bd3 Bb7 11. 0-0 a6 12. Bxf6 Bxf6 13. Ne4 Be7 14. Nc5 Nxc5 15. dxc5 Qd5 16. Qc2 g6 17. b3 Qh5 18. Be2 Qh6 19. Rfd1 Rfd8 20. b4 Qf8 21. Rxd8 Rxd8 22. Nd4 Rd7 23. h3 e5 24. Nb3 Bd8 25. Rd1 Qe7 26. Rd2 f5 27. Qd1 Bc8 28. Rxd7 Qxd7 29. Qxd7 Bxd7 30. Kf1 Be6 31. Ke1 Bxb3 32. axb3 a5 33. bxa5 Bxa5+ 34. Kd1 Bb4 35. g4 Kf7 36. gxf5 gxf5 37. Bh5+ Ke7 38. Kc2 Bxc5 39. Kc3 Bd6 40. f3 c5 41. Kd3 Kf6 42. Be8 1/2-1/2

[Event "San Benedetto op"]
[Site "San Benedetto del Tronto"]
[Date "1999.??.??"]
[Round "2"]
[White "Papadatos, Ioannis"]
[Black "Zaja, Ivan"]
[Result "0-1"]
[WhiteElo "2180"]
[BlackElo "2445"]
[PlyCount "94"]
[EventDate "1999.??.??"]
[EventType "swiss"]
[EventRounds "9"]
[EventCountry "ITA"]
[SourceTitle "EXT 2005"]
[Source "ChessBase"]
[SourceDate "2004.11.15"]
[SourceVersion "1"]
[SourceVersionDate "2004.11.15"]
[SourceQuality "1"]

1. d4 e6 2. Nf3 c5 3. e4 cxd4 4. Nxd4 Bc5 5. Nb3 Bb6 6. Bd3 Ne7 7. c4 Nbc6 8. Nc3 d6 9. 0-0 0-0 10. Qe2 Ne5 11. Be3 Bd7 12. Nd4 N7g6 13. f4 Nxd3 14. Qxd3 e5 15. Nde2 exf4 16. Nxf4 Ne5 17. Qd2 Bg4 18. Qf2 Nxc4 19. Bxb6 Qxb6 20. h3 Be6 21. Qxb6 Nxb6 22. Rfd1 Rad8 23. Nb5 Nc8 24. Nc7 Bd7 25. Rd4 Bc6 26. Rad1 Rd7 27. Ncd5 Re8 28. b3 f6 29. R1d2 Kf7 30. Kf2 g5 31. Nh5 Bxd5 32. exd5 Re5 33. g4 Ne7 34. Ng3 f5 35. gxf5 Nxf5 36. Nxf5 Rxf5+ 37. Kg2 Rc7 38. Rc4 Rxc4 39. bxc4 Rf4 40. c5 dxc5 41. Re2 Rd4 42. Re5 c4 43. Rxg5 c3 44. Rf5+ Ke7 45. Rf3 Rc4 46. Rf1 c2 47. Rc1 Kd6 0-1